000 00583nam a2200205Ia 4500
003 GCL
008 140319s9999 xx 000 0 ara d
040 _aGCL /
_cGCL
082 0 4 _a701
_bح ز
100 1 _aالحيدرى , بلند
245 1 0 _aزمن لكل الازمنة : نظرات وأراء فى الفن /
_cالحيدرى , بلند
300 _a156 ص
490 _a
650 0 4 _aالفن المصرى القديم
650 0 4 _aالفن
650 0 4 _aالفنون
650 0 4 _aالفن الحديث
650 0 4 _aالفن الاسلامى
942 _2ddc
_cBK
999 _c48205
_d48205